000 nam a22 a 4500
999 _c124012
_d124012
003 BLK
005 20201028105301.0
008 180409b bul|||||r ||||||| ||bul||
010 _aKNG00129675000
040 _aBLK
041 _aFRE
_cFRE
_hBUL
072 7 _2bullib
_aЦ
_xРедки и ценни
080 _aФренски език
_b811.133.1
_x(082)(075.3)
_z811.133.1(082)(075.3)
139 _aАстенидов, А. М.
_bА 92
245 1 0 _aФранцузка христоматия
_bЗа долните кл. на гимназиите : С много бел. за изяснение на мъчните фрази и с един словар, в който са прев. на бълг. всички думи на текста
_cсъстав. А. М. Астенидов.
250 _a3. попр. и доп. изд.
257 _aBGR
260 _bХристо Г. Данов
_c1890
_aПловдив
300 _a126 с.
_c21 см
380 _a80
490 _9435080
_aКолекция Редки и ценни издания
500 _a1. изд. 1887 на печ. Л. Нитче - Варна.
650 4 _aФренски език - христоматии
_9318562
653 _aфренска литература
653 _aфренски език
653 _aхристоматии
653 _aучебници за средни училища
659 _aЦ
700 1 _aАстенидов, А. М.
_eсъстав.
_934085
852 _aРб 890
_bРц
856 4 _qpdf
942 _cKNG
_n0
_s1
944 _aCR
_c11.04.2012
_lф / 11.04.2012
_kЛюдмила_Стоянова
944 _aED
_c2020-10-28
999 _d124012